000 00306nam a2200121Ia 4500
008 190216s9999||||xx |||||||||||||| ||und||
100 _aDr.Bhagavathi Prakash Shukla
245 0 _aHindi-Nayi Sadi Ke Devar Par
260 _bChathurvedi Publications
_c2003
300 _a135
650 _aHindi
942 _cBK
999 _c16720
_d16720